000 00500cab a2200217 4500
001 X870
008 090401t1993 xxu||||| |||| 00| 0 eng d
035 _a(Sirsi) u67916
041 _aeng
245 _aSolicitors and beneficiaries
260 _c1993
350 _a0
490 _aEstates Gazette
_v(9327) 10 July 1993, 123(1)
650 _aBENEFICIARIES
650 _aROSS V CAUNTERS
650 _aWHITE V JONES
650 _aWILLS
690 _aLAW
942 _n0
948 _c04/03/1997
999 _c42559
_d42559